<?xml version="1.0" encoding="UTF-8"?>
<marc:record xmlns:marc="http://www.loc.gov/MARC21/slim">
   <marc:leader>00000nam a2200000 a 4500</marc:leader>
   <marc:datafield ind1="0" ind2="0" tag="245">
      <marc:subfield code="a">Operum Felini Sandei Tertia pars</marc:subfield>
   </marc:datafield>
   <marc:datafield ind1=" " ind2="1" tag="264">
      <marc:subfield code="c">1529</marc:subfield>
   </marc:datafield>
   <marc:datafield ind1="1" ind2=" " tag="520">
      <marc:subfield code="a">Vermerk am Titelbl.: Loci Capuccinorum Ennia, Titeleinfassung (Holzschnitt) http://zentralbibliothek.kapuziner.at/kupferstiche/provinzbibliothek/provinzbibliothek_3803.jpg, figurative und illustrierte Holzschnittinitialen auf schwarzem Grund, Pergamenteinband auf Buchdeckeln aus Pappe, Aufschrift "Felini.3.pars.s.lib.s.que Decre.", Buchrücken mit 4 Bünden, rosa Titelschild "FELINI || SANDEI || OPERUM || P. III. 1529." und Signaturschild "109 (1)"., beschriebener Pergamentstreifen als Falzverstärkung, vorderer Buchdeckel lose.</marc:subfield>
   </marc:datafield>
   <marc:datafield ind1=" " ind2=" " tag="500">
      <marc:subfield code="a">Titelbl. in Rot- und Schwarzdr.</marc:subfield>
   </marc:datafield>
   <marc:datafield ind1="0" ind2=" " tag="490">
      <marc:subfield code="v">3.</marc:subfield>
   </marc:datafield>
   <marc:datafield ind1=" " ind2=" " tag="300">
      <marc:subfield code="a">225 Bl. : Ill.</marc:subfield>
   </marc:datafield>
</marc:record>
